000 00705nam a2200265Ia 4500
003 OSt
005 20221006142956.0
006 a|||||r|||| 00| 0
007 ta
008 221006b |||||||| |||| 00| 0 eng d
020 _c
_7.95
024 _a7,691
037 _cTextual
040 _aEASL
_cEASL
_beng
041 _2eng
_aeng
082 _aV42:1956.N35, K9
100 _aKENNEDY Malcolm D
245 0 _aEstrangement of Great Britain and Japan 1917-35
260 _aBerkeley
_bUniversity of California Press
_c1969
300 _a363p.
_ccm.
490 _v JEL
650 _aJEL
942 _hV42:1956.N35, K9
_cTEXL
_2CC
999 _c1075777
_d1075777